000 00756aam a2200253 a 4500
008
020 _a0750640219 (hbk.)
049 _aMAIN
090 _aTJ759
_bPLI
100 1 _aPlint, M. A.
245 0 0 _aEngine testing :
_btheory and practice /
_cMichael Plint and Anthony Martyr.
250 _a2nd ed.
260 _aOxford :
_bButterworth-Heinemann,
_c1999.
300 _axx, 362 p. :
_bill. ;
_c24 cm.
500 _aIncludes index.
504 _aIncludes bibliographical references.
650 0 _aInternal combustion engines
_xTesting.
700 1 _aMartyr, Anthony.
907 _a.b1016344x
_b08-05-12
_c17-05-05
003
005 20230123134012.0
040 _cNUST
942 _cBOOKS
_kTJ759
_mPLI
999 _c158319
_d158319